000 00689nam a2200241 a 4500
008
020 _a0434915092 (pbk.)
049 _aMAIN
090 _aHF1416
_bPAL
100 1 _aPaliwoda, Stanley J.
245 1 0 _aInternational marketing /
_cStanley J. Paliwoda.
260 _aLondon :
_bHeinemann,
_c1986.
300 _axii, 308 p. :
_bill. ;
_c24 cm.
440 _aThe Marketing series.
504 _aIncludes bibliographical references.
500 _aIncludes index.
650 0 _aExport marketing.
907 _a.b10298198
_b29-10-13
_c13-06-11
003
005 20230123125320.0
040 _cNUST
942 _cBOOKS
_kHF1416
_mPAL
999 _c139419
_d139419